Dressing up your kitchen & dining room

Bibliographic Details
Format: Book
Published: London : Marshall Cavendish , 1986
Subjects:

MARC

LEADER 00000cam a2200000 7i4500
001 0000000504
005 20050617.0
020 |a 0863074472 
040 |a INS 
090 0 0 |a TT197.   |b D7735 1986 
245 1 0 |a Dressing up your kitchen & dining room 
260 |a London :   |b Marshall Cavendish ,   |c 1986 
300 |a 124p. ;   |c 29 cm. 
650 0 0 |a Handicraft 
650 0 0 |a Textile crafts 
999 |a 0000003950   |b BOOK   |c Open Shelf   |e Default branch